[Event "Saint Affrique op 22nd"]
[Site "Saint Affrique"]
[Date "2014.07.20"]
[Round "2"]
[White "Bouchet, Jean Louis"]
[Black "Oganisjan, Roman"]
[Result "0-1"]
[WhiteElo "1795"]
[BlackElo "2245"]
[PlyCount "37"]
[EventDate "2014.07.19"]
[EventType "swiss"]
[EventRounds "9"]
[EventCountry "FRA"]
[SourceTitle "CBM 161 Extra"]
[Source "ChessBase"]
[SourceDate "2014.08.29"]
[SourceVersion "1"]
[SourceVersionDate "2014.08.29"]
[SourceQuality "1"]

1. d4 e6 2. e4 d5 3. e5 c5 4. c3 Nc6 5. Nf3 h6 6. a3 g5 7. h3 Bd7 8. Be2 Qc7 9. Bd2 0-0-0 10. b4 c4 11. a4 f6 12. b5 Na5 13. exf6 Nxf6 14. Ne5 Rg8 15. Ra2 Nb3 16. 0-0 Ne4 17. Be1 Bg7 18. Nxd7 Rxd7 19. Bg4 0-1

[Event "Saint Affrique op 22nd"]
[Site "Saint Affrique"]
[Date "2014.07.19"]
[Round "1"]
[White "Medard, Guillaume"]
[Black "Bouchet, Jean Louis"]
[Result "0-1"]
[WhiteElo "1330"]
[BlackElo "1795"]
[PlyCount "88"]
[EventDate "2014.07.19"]
[EventType "swiss"]
[EventRounds "9"]
[EventCountry "FRA"]
[SourceTitle "CBM 161 Extra"]
[Source "ChessBase"]
[SourceDate "2014.08.29"]
[SourceVersion "1"]
[SourceVersionDate "2014.08.29"]
[SourceQuality "1"]

1. e4 e6 2. d4 d5 3. Nc3 Nf6 4. e5 Nfd7 5. Nf3 Be7 6. Bb5 a6 7. Ba4 b5 8. Bb3 c5 9. a3 Nc6 10. Be3 Qb6 11. Ne2 cxd4 12. Nfxd4 Bc5 13. f4 g6 14. c3 Ne7 15. Bc2 Qc7 16. b4 Ba7 17. Rc1 Nb6 18. Bb3 Bb7 19. Bf2 Qd7 20. Bh4 Nc4 21. Bxc4 dxc4 22. Bf6 Rg8 23. Bxe7 Qxe7 24. Nf3 Bxf3 25. gxf3 Be3 26. Rc2 Rd8 27. Qb1 Qh4+ 28. Ng3 Bxf4 29. Rg1 Rd3 30. Kf1 Ke7 31. Qb2 Rgd8 32. Re2 Rd1+ 33. Re1 R8d2 34. Qxd2 Rxd2 35. Re4 Qxh2 36. Re2 Rd1+ 37. Re1 Rxe1+ 38. Kxe1 Bxg3+ 39. Rxg3 Qxg3+ 40. Ke2 Qf4 41. Kf2 h5 42. Kg2 h4 43. Kf2 Qg3+ 44. Ke3 h3 0-1